Испанско-русский и русско-испанский словарь (Запись № 426139)

Подробности
000 -МАРКЕР
контрольное поле 01889nam0a2200385 4500
001 - ИДЕНТИФИКАТОР ЗАПИСИ
контрольное поле RU\NLR\bibl\987660
005 - ИДЕНТИФИКАТОР ВЕРСИИ
контрольное поле 20260405175748.0
010 ## - МЕЖДУНАРОДНЫЙ СТАНДАРТНЫЙ НОМЕР КНИГИ (ISBN)
Номер (ISBN) 5-9576-0236-1
Тираж 6000
021 ## - НОМЕР ГОСУДАРСТВЕННОЙ РЕГИСТРАЦИИ
Код страны Российская Федерация
Номер 2006-50395
Номер Листа государственной регистраци 2489
035 ## - ДРУГИЕ СИСТЕМНЫЕ НОМЕРА
Идентификатор записи (NLR Aleph) 000975510
100 ## - ДАННЫЕ ОБЩЕЙ ОБРАБОТКИ
Данные общей обработки 20060925d2006 |||y0rusy50 ca
101 0# - ЯЗЫК РЕСУРСА
Язык текста, звукозаписи и т.д. русский
102 ## - СТРАНА ПУБЛИКАЦИИ ИЛИ ПРОИЗВОДСТВА
Страна публикации Российская Федерация
105 ## - ПОЛЕ КОДИРОВАННЫХ ДАННЫХ: ТЕКСТОВЫЕ МАТЕРИАЛЫ, МОНОГРАФИЧЕСКИЕ
Кодированные данные о монографическом текстовом документе y |||||||||
200 1# - ЗАГЛАВИЕ И СВЕДЕНИЯ ОБ ОТВЕТСТВЕННОСТИ
Основное заглавие Испанско-русский и русско-испанский словарь
Параллельное заглавие Diccianario español-ruso y ruso-español
Сведения, относящиеся к заглавию [11000 слов в испанской части и 9000 слов в русской части]
Первые сведения об ответственности К.А. Марцишевская, Б.Х. Сордо-Пенья, С. Маринеро
Язык параллельного заглавия испанский, кастильский испанский
205 ## - СВЕДЕНИЯ ОБ ИЗДАНИИ
Сведения об издании 10-е изд., стер.
210 ## - ПУБЛИКАЦИЯ, РАСПРОСТРАНЕНИЕ И ДР.
Место издания, распространения и т.д. Москва
Имя издателя, распространителя и т. д. Русский язык - Медиа
Дата издания, распространения и т.д. 2006
215 ## - ФИЗИЧЕСКАЯ ХАРАКТЕРИСТИКА
Специфическое обозначение материала и объем 543,[1] с.
Размеры 17
300 ## - ОБЩИЕ ПРИМЕЧАНИЯ
Текст примечания На обл. авт. не указаны
300 ## - ОБЩИЕ ПРИМЕЧАНИЯ
Текст примечания Авт. также на испан. яз.: K.A. Marzishevskaya, B.J. Sordo Pena, C. Marinero
510 0# - ПАРАЛЛЕЛЬНОЕ ЗАГЛАВИЕ
Связь между полями z77790
Параллельное заглавие Diccianario español-ruso y ruso-español
Язык заглавия испанский, кастильский испанский
606 0# - НАИМЕНОВАНИЕ ТЕМЫ КАК ПРЕДМЕТ
Наименование темы Испанский язык
Тематический подзаголовок Словари
-- Русский язык
Системный номер авторитетной/нормативной записи 1108536
Идентификатор авторитетной/нормативной записи RU\NLR\auth\66437550
606 0# - НАИМЕНОВАНИЕ ТЕМЫ КАК ПРЕДМЕТ
Наименование темы Русский язык
Тематический подзаголовок Словари
-- Испанский язык
Системный номер авторитетной/нормативной записи 1537256
Идентификатор авторитетной/нормативной записи RU\NLR\auth\66971230
686 ## - ИНДЕКСЫ ДРУГИХ КЛАССИФИКАЦИЙ
Индекс Ш147.21-491перев
686 ## - ИНДЕКСЫ ДРУГИХ КЛАССИФИКАЦИЙ
Индекс Ш141.12-491перев
700 #1 - ИМЯ ЛИЦА - ПЕРВИЧНАЯ ОТВЕТСТВЕННОСТЬ
Код отношения Автор
Материалы, к которым относится поле rus
Графика поля Кириллица
Начальный элемент ввода Марцишевская
Часть имени, кроме начального элемента ввода К. А.
Даты 1897-1988
Расширение инициалов личного имени Ксения Александровна
Идентификатор авторитетной/нормативной записи RU\NLR\auth\7776775
Системный номер авторитетной/нормативной записи 59703
701 #1 - ИМЯ ЛИЦА - АЛЬТЕРНАТИВНАЯ ОТВЕТСТВЕННОСТЬ
Код отношения Автор
Материалы, к которым относится поле rus
Графика поля Кириллица
Начальный элемент ввода Сордо-Пенья
Часть имени, кроме начального элемента ввода С.П.
Расширение инициалов личного имени Бенхамин Хесус
Идентификатор авторитетной/нормативной записи RU\NLR\auth\7718231
Системный номер авторитетной/нормативной записи 1310
701 #1 - ИМЯ ЛИЦА - АЛЬТЕРНАТИВНАЯ ОТВЕТСТВЕННОСТЬ
Начальный элемент ввода Маринеро
Часть имени, кроме начального элемента ввода С.
Расширение инициалов личного имени Селестина
Код отношения Автор
790 #1 - ИМЯ ЛИЦА - АЛЬТЕРНАТИВНАЯ ФОРМА
Связь между полями z77510
Начальный элемент ввода Marzishevskaya
Часть имени, кроме начального элемента ввода K. A.
Код отношения Автор
801 #0 - ИСТОЧНИК ЗАПИСИ
Страна Российская Федерация
Организация NLR
Дата составления 20060925
Правила каталогизации rcr
801 #1 - ИСТОЧНИК ЗАПИСИ
Страна Российская Федерация
Организация NLR
Дата составления 20060925
942 ## - ДОПОЛНИТЕЛЬНЫЕ ЭЛЕМЕНТЫ ЗАПИСИ (АБИС)
Тип экземпляра АБИС Книга
980 ## - КОЛЛЕКЦИЯ
Название коллекции Национальная библиография
Экземпляры
Тип экземпляра Дата поступления Источник поступления Библиотека постоянного хранения Библиотека текущего хранения Место хранения Шифр хранения Штрих-код Статус экземпляра
Книга 25.09.2006 Обязательный экземпляр РНБ (Московский) РНБ (Московский) Центральная справочная библиотека С 2006-1/462 1-1602069  
Книга 25.09.2006 Обязательный экземпляр РНБ (Московский) РНБ (Московский) Обменный фонд   2264410